| 000 | 00526ntaaa2200205 4500 | ||
|---|---|---|---|
| 003 | 01 | ||
| 005 | 20251027202434.0 | ||
| 008 | 0714s1973 ag 01 | ||
| 040 |
_aAR-BaBN _bspa _cAR-BaBN _eaacr _dRIC |
||
| 082 | _a265.7000 F83 | ||
| 100 |
_aFox, A. H. Purcell _923259 |
||
| 245 | _aThe church's ministry of healing | ||
| 250 | _a1 ed. | ||
| 260 |
_aLondon : _bLongmans, _cc1959 |
||
| 300 | _axiv, 115 p. | ||
| 500 | _ael ministerio de sanidad de la iglesia | ||
| 650 | _aSanidad | ||
| 650 |
_aMilagros _94358 |
||
| 942 | _cBK | ||
| 999 |
_c19360 _d19360 |
||